| 000 | 00390nam a2200169Ia 4500 | ||
|---|---|---|---|
| 005 | 20250423101111.0 | ||
| 008 | 250422s9999 xx 000 0 und d | ||
| 020 | _a964-367-154-2 | ||
| 100 | _a farhady, Hossein | ||
| 245 | 0 | _aTechniques for effective reading | |
| 260 | _aTehran | ||
| 260 | _bRahanama press | ||
| 260 | _c2005 | ||
| 300 | _a194 p | ||
| 650 | _aEnglish | ||
| 942 | _cBK | ||
| 999 |
_c35288 _d35288 |
||